00291nam a22000977a 450000500170000000800410001702000150005804000080007324500630008126000490014420200924153111.0200924b ||||| |||| 00| 0 eng d a0852295715 cCML aThe New Encyclopedia Ready. cEncyclopedia Britannica, Inc aChicago bEncyclopedia Britannica, Incc1974